000 00374nam a2200157Ia 4500
008 160316s2011 xxu||||| |||| 00| 0 eng d
082 _a346.066000
_bBRO-II-P2
100 _aBrowne Gore
245 _aCompanies Vol II
250 _a
260 _aBristol
_bJordans Publishing Ltd.
_c2011
300 _aVarie
_b
_c
365 _b
650 _a1. Company Law
700 _a
_a
999 _c32661
_d32661